000 00668nam a22002417a 4500
001 99903
003 UA-OsUOA
005 20220714135849.0
007 ta
008 20130520b un ||||| |||| 00| 0 ukr d
040 _aUA-OsUOA
_brus
_cUA-OsUOA
_dUA-OsUOA
041 _arus
080 _a821.161.1
090 _a821.161.1
_bУ93
100 _aУшаков Н.
245 _aСочинения в двух томах
260 _aК.
_bДніпро
_c1979
300 _a389 с.
505 _gт. 2
_tСтихотворения и переводы
650 7 _a82 Література. Літературознавство
_2UDC
942 _cBK
_2udc
955 _a2
999 _c386142
_d386142